Madison Beer - Chansons de l'album locket - Statistiques

Statistiques générales
  • Ce quiz a été pris 27 fois
  • Le résultat moyen est 10 sur 11
Statistiques - réponses
Hint Réponse % Correct
locket2 8 bittersweet
100%
locket2 10 make you mine
100%
locket 2 yes baby
100%
locket2 9 complexity
94%
locket 1 locket theme
94%
locket 3 angel wings
89%
locket 4 for the night
89%
locket 6 healthy habit
89%
locket 5 bad enough
83%
locket2 11 nothing at all
83%
locket2 7 you're still everything
83%
Aucun quiz correspondant
Distribution des résultats
% des personnes avec chaque résultat
Percentile par nombre de réponses
Votre historique - résultats
Vous n’avez pas pris ce quiz